New Perspectives on Microsoft Project 2000 / (Record no. 36809)

MARC details
000 -LEADER
fixed length control field 00476nam a22001697a 4500
005 - DATE AND TIME OF LATEST TRANSACTION
control field 20250106144619.0
008 - FIXED-LENGTH DATA ELEMENTS--GENERAL INFORMATION
fixed length control field 250106b |||||||| |||| 00| 0 eng d
020 ## - INTERNATIONAL STANDARD BOOK NUMBER
ISBN 9780760070765
082 ## - DEWEY DECIMAL CLASSIFICATION NUMBER
Classification number 658.4040
Item number FRI-M
100 ## - MAIN ENTRY--AUTHOR
Author Name Friedrichsen, Lisa
245 ## - TITLE STATEMENT
Title New Perspectives on Microsoft Project 2000 /
Statement of responsibility, etc. Lisa Friedrichsen
260 ## - PUBLICATION, DISTRIBUTION, ETC.
Place of Publication USA:
Name of publisher, distributor, etc. Elsevier;
Date of publication, distribution, etc. 2000.
300 ## - PHYSICAL DESCRIPTION
Pages xiv, 400 p. :
500 ## - GENERAL NOTE
General note include index.
650 ## - SUBJECT ADDED ENTRY--TOPICAL TERM
Source of heading or term Computer
300 ## - PHYSICAL DESCRIPTION
-- ill;
-- 24 cm.
952 ## - LOCATION AND ITEM INFORMATION (KOHA)
-- 0
-- 0
Holdings
Lost status Damaged status Collection code Permanent Location Current Location Shelving Location Date acquired Full Call Number Accession No./Barcode Date last seen item type Koha item type
    CS/IT Superior Information Resource Center (SIRC) Superior University- Gold Campus Superior Information Resource Center (SIRC) Superior University- Gold Campus Microsoft Office 01/06/2025 658.4040 FRI-M 2000 16432 01/06/2025 BOOK BOOK

Powered by Koha